000 00568nam a2200253Ia 4500
003 OSt
005 20220912152549.0
006 a|||||r|||| 00| 0
007 ta
008 220909b |||||||| |||| 00| 0 eng d
024 _a41245
037 _cTextual
040 _aCSL
_beng
_cCSL
041 _aeng
082 _aF555, J8
100 _aPirson S J
245 0 _aOil resevair engineering
250 _a2
260 _c1958
300 _ap.
_ccm.
650 _aPetroleum
942 _hF555, J8
_cTEXL
_2CC
999 _c88739
_d88739